| Tag |
First Indicator |
Second Indicator |
Subfields |
| LEADER |
00000cam a2200000 4500 |
| 001 |
in00000021301 |
| 005 |
20151007062251.0 |
| 008 |
740826s1917 nyu 00011 eng u |
| 010 |
|
|
|a 17021644
|
| 035 |
|
|
|a (OCoLC)00989300
|
| 035 |
|
|
|9 AAD4394AM
|
| 040 |
|
|
|c KSU
|d TXA
|d UtOrBLW
|
| 049 |
|
|
|a TXAM
|c [10700]
|
| 050 |
|
0 |
|a PZ3.C4525
|b C
|
| 090 |
|
|
|a PR6005.H559
|b C5
|
| 092 |
|
|
|a 823
|b C547c
|
| 100 |
1 |
|
|a Cholmondeley, Alice.
|
| 245 |
1 |
0 |
|a Christine /
|c by Alice Cholmondeley.
|
| 264 |
|
1 |
|a New York :
|b The Macmillan company,
|c 1917.
|
| 300 |
|
|
|a 5 pages ., 250 pages ;
|c 20 cm.
|
| 336 |
|
|
|a text
|b txt
|2 rdacontent
|
| 337 |
|
|
|a unmediated
|b n
|2 rdamedia
|
| 338 |
|
|
|a volume
|b nc
|2 rdacarrier
|
| 999 |
|
|
|a MARS
|
| 999 |
f |
f |
|s 6c7323f2-1c42-3d95-8717-6573999d63a9
|i 79c2326f-3815-3059-8f67-c34d25e23419
|t 0
|
| 952 |
f |
f |
|p ric
|a Texas A&M University
|b Rellis Campus
|c Joint Library Facility
|d Remote Storage
|t 0
|e PR6005.H559 C5
|h Library of Congress classification
|i unmediated -- volume
|m A14801314823
|
| 998 |
f |
f |
|a PR6005.H559 C5
|t 0
|l Remote Storage
|